ბათუმის შოთა რუსთაველის სახელმწიფო უნივერსიტეტის ბიბლიოთეკა

აგრობიოლოგია. (ბიბ.ჩანაწერი № 44641)

000 -LEADER
fixed length control field 01129nam a2200229Ia 4500
001 - CONTROL NUMBER
control field 11444
003 - CONTROL NUMBER IDENTIFIER
control field GE_BSU
008 - FIXED-LENGTH DATA ELEMENTS--GENERAL INFORMATION
fixed length control field 181216s||||||||xx |||||||||||||| ||und||
040 ## - CATALOGING SOURCE
Transcribing agency GE_BSU
080 ## - UNIVERSAL DECIMAL CLASSIFICATION NUMBER
Universal Decimal Classification number 630.232+631.53.044
100 ## - MAIN ENTRY--PERSONAL NAME
Personal name ლისენკო,ვ.დ.
245 ## - TITLE STATEMENT
Title აგრობიოლოგია.
245 ## - TITLE STATEMENT
Remainder of title შრომები გენეტიკის,სელექციისა და მეთესლეობის საკითხებზე.
245 ## - TITLE STATEMENT
Statement of responsibility, etc. რედ:ნ.ანთაძე; ე.ვასაძე; ნ.მელითაური; ნ.ცომაია. თარგმ. მე-4 შევსებ.გამოცემიდან დ.აგლაძის მიერ.
260 ## - PUBLICATION, DISTRIBUTION, ETC.
Place of publication, distribution, etc. თბილისი.
260 ## - PUBLICATION, DISTRIBUTION, ETC.
Name of publisher, distributor, etc. სახელგამი.
260 ## - PUBLICATION, DISTRIBUTION, ETC.
Date of publication, distribution, etc. 1950
300 ## - PHYSICAL DESCRIPTION
Extent 851გვ;23სმ.
300 ## - PHYSICAL DESCRIPTION
Other physical details 1ფ.პორტრ.
653 ## - INDEX TERM--UNCONTROLLED
Uncontrolled term აგრობიოლოგია.შრომები გენეტიკის,სელექციისა და მეთესლეობის საკითხებზე.
942 ## - ADDED ENTRY ELEMENTS (KOHA)
Koha item type წიგნი
ეგზემპლარები
Withdrawn status Lost status Damaged status Not for loan Date acquired Barcode Date last seen Price effective from Koha item type
        2018-12-17 20272 2018-12-17 2018-12-17 წიგნი
        2018-12-17 20273 2018-12-17 2018-12-17 წიგნი